01138cam a22002894a 45000010009000000050017000090080041000260100015000670200015000820200018000970400028001150820025001431000028001682450092001962600077002883000050003654900043004155000024004585040032004826500052005146500045005666530025006116550024006369420025006609990017006859520146007021373500020201128021143.0040929t2005 xxuadk frb 001 0 eng d a2004022859 a0124859674 a9780124859678 aDLCcDLCdDLCdEG-ScBUE00a332.0285632222bMCN1 aMcNelis, Paul D.93688610aNeural networks in finance :bgaining predictive edge in the market /cPaul D. McNelis. aBurlington, United States ;aLondon :bElsevier Academic Press,cc.2005. axv, 243 p. :bcharts, forms, tables ;c23 cm.0 aAcademic Press advanced finance series aIndex : p. 233-243. aBibliography : p. 221-231. 0aFinancexDecision makingxData processing91662 0aNeural networks (Computer science)92046 bBUSADMcDecember2014 vreading book934232 2ddck332.0285632 MCN c18760d18732 00102ddc40708BaccahaMAINbMAINc1STd2014-12-11epurchaseg472.00h20677l0o332.0285632 MCNp000037157r2025-07-15 00:00:00v590.00yBB